• 首页
  • 本馆介绍
  • 公告通知
  • 最新文献
  • 馆藏检索
  • 电子资源
  • 读者导购
  • 参考咨询
  • 我的图书馆
  • 登录
  • 详细信息显示
  • 放入我的书架
  • 预约/预借图书
  • 作者相关作品
  • 分类相关作品
  • 丛书相关作品
  • 出版社相关作品

书目信息

  • 表格格式
  • 工作单格式
  • 卡片格式
题名:
女性的自我与表现
    
 
作者: 水田宗子 ;叶渭渠
分册:  
出版信息: 北京   中国文联出版公司  2000
页数: 269页
开本: 20cm
丛书名:
单 册:
中图分类: I313.064
科图分类:
主题词: 文学
电子资源:
ISBN: 7-5059-3488-0
000 00578nam0 2200193 450
001 0728815141
005 20070819080015.14
010    @a7-5059-3488-0@d¥13.60
100    @a20070819d km y0chiy0120 ea
101 0  @achi
200 1  @a女性的自我与表现@Anu xing de zi wo yu biao xian@f水田宗子@Fshui tian zong zi@g叶渭渠@Gye wei qu
210    @a北京@c中国文联出版公司@d2000
215    @a269页@d20cm
606 0  @a文学
690    @aI313.064@v3
701  0 @a水田宗子@Ashui tian zong zi
702  0 @a叶渭渠@Aye wei qu
801  0 @aCN@bPFT@c20070819
905    @a213230@dI313.064@eZW2@f1
    
    女性的自我与表现/水田宗子/叶渭渠.-北京:中国文联出版公司,2000
    269页;20cm
    
    
    ISBN 7-5059-3488-0:¥13.60
    
●
相关链接 在E读中查询图书 在五车中查询图书 在当当中查询图书 在豆瓣中查询图书


正题名:女性的自我与表现     索取号:I313.064/ZW2         预约/预借

序号 登录号 条形码 馆藏地/架位号 状态 备注
1 7610384   276103841   密集书库-文学院/ [索取号:I313.064/ZW2] 在馆    
2 7610385   276103850   密集书库-文学院/ [索取号:I313.064/ZW2] 在馆    
唐山师范学院图书馆 欢迎您!
大连网信软件有限公司© 版权所有